Biblioteca visual clarín /

Guardado en:
Formato: Libro
Publicado: Buenos Aires : Altea, 1991
Materias:
Etiquetas: Agregar Etiqueta
Sin Etiquetas, Sea el primero en etiquetar este registro!
LEADER 00388nam a22001455a 4500
001 CEM.cems008924
005 20100507114405.0
008 130507s1991##################000#0#####d
003 CEMS
082 0 4 |a 590.3 
245 0 0 |a Biblioteca visual clarín / 
260 |a Buenos Aires :  |b Altea,  |c 1991 
300 |a 322 p. 
653 |a Aves 
859 |a CEMS  |b BIB. CEMS - 11 de abril  |h 590.3  |i Al69  |p 18448.95  |t Ej.1  |v 2  |3 2